000 00319nam a22001337a 4500
020 _a978-1-4088-5569-0
082 _a823
_bROW/H
100 _aROWLING, J K
245 _aHARRY POTTER
_bAND THE ORDR OF THE PHOENIX
260 _aLONDON
_bBLOOMSBURY
_c2014
300 _a800
650 _aNOVEL
_zUNITED KINGDOM
942 _cBK
999 _c3888
_d3888